000 00609nam a22001815i 4500
001 156388
003 ES-MaACL
005 20230906210410.0
008 990722s1880 fr |||| | fre d
040 _aCAM
_bspa
_cCAM
100 1 _aJohnson, Daniel.
_9128330
245 1 3 _aLa comédie politique en Europe /
_cpar Daniel Johnson ; traduit de l'anglais par A. Mazon.
260 _aParis :
_bE. Plon et C., imprimeurs-editeurs,
_c1880.
300 _a267 p. ;
_c18 cm.
650 0 4 _aComedia política.
_9135796
700 1 1 _aMazon, A.,
_etrad.
_9129770
852 _aES-MaACL
_jG-7417
_z-- Enc. pasta española
999 _c156388
_d156388